=LDR 00000nam 2200000 4500 =001 NUTBA000000000004399 =005 20250321021638 =035 ##$$a 0010-091400000000432 =008 250321################g##########0#ind## =020 ##$$a 978-979-3784-62-5 =040 ##$$a NBPDMAT =082 ##$$a 572 =084 ##$$a 572 Yoh b =100 ##$$a Yohanis Ngili =245 1#$$a Biokimia dasar /$c Dr. Yohanis Ngili, M.Si. =260 ##$$a Bandung :$b Rekayasa Sains,$c 2013 =300 ##$$a 802 hlm. : $b ilus. ; $c 23 x 15 cm. =500 ##$$a Bibliografi : hlm.799 =650 #4$$a Biokimia =250 ##$$a Edisi Revisi cet.1 =990 ##$$a 21409807 =990 ##$$a 21409808 =990 ##$$a 21409809 =990 ##$$a 21409810 =990 ##$$a 21409811